000
00211nam a2200121Ia 4500
100
_a
#N/A
650
_a
Computer/ IT
942
_c
BK
654
_a
java
245
_a
Java
260
_b
#N/A
546
_a
ENGLISH
999
_c
23759
_d
23759